000 00307nam a22001217a 4500
082 _a001.642 SMI
100 _aPeter, S
245 _aExpert System development in Prolog and Turbo-Prolog
260 _aIndia
_bNew Delhi
_c1990
300 _a214p.
_b24cm
500 _aIncludes Index and Appendex
942 _cBK
999 _c16581
_d16581